Riconosci la Squadra di calcio - Quiz n°261 - Statistics

Statistiche generali
  • Questo quiz è stato fatto 5 volte
  • Il punteggio medio è 9 su 13
Statistiche sulle risposte
Indizio Risposta % Corretto
Simboli Aquila
100%
Colori sociali Bianco
100%
Titoli nazionali 1 campionato Alta Italia
1 campionato di Prima Divisione
1 Scudetto Interregionale
80%
Trofei nazionali 2 Coppe Italia Serie C/Lega Pro 2 Supercoppe di Lega di Prima Divisione
80%
Divisione nazionale 2023-2024 Seconda
80%
Trofei internazionali 0
60%
Capienza Stadio 12 000 posti
60%
Fondazione 1906
60%
Rifondazione 1954
60%
Rifondazione 1995
60%
Rifondazione 2008
60%
Confederazione UEFA
60%
Squadra Spezia
40%
Nessun quiz corrispondente trovato
Distribuzione punteggi
Percentuale di utenti per punteggio
Percentile per numero di risposta
I tuoi punteggi nel tempo
Non hai fatto questo quiz